Closest Countries to Brazil Quiz Stats

Quiz Updated Aug 7, 2016

Challenge
Share
Tweet
Embed
Score 0/20 Timer 03:00
0 Plays Today
Distance Countries % Correct
710 kmChile
93.5%
1,065 kmPanama
87.4%
611 kmEcuador
82.5%
2,063 kmCuba
79.7%
1,466 kmUnited States (US Virgin Islands)
77.9%
1,607 kmCosta Rica
74.6%
1,998 kmJamaica
72.7%
1,894 kmHaiti
72.4%
1,112 kmDominica
71.5%
1,692 kmDominican Republic
68.7%
Distance Countries % Correct
545 kmTrinidad and Tobago
68.6%
1,830 kmNicaragua
68%
1,340 kmSaint Kitts and Nevis
65.7%
867 kmBarbados
63.4%
941 kmSaint Lucia
61.8%
817 kmSaint Vincent and the Grenadines
59.3%
1,467 kmUnited Kingdom (Anguilla)
56.8%
765 kmGrenada
55.5%
1,314 kmAntigua and Barbuda
55.4%
1,159 kmNetherlands (Antilles)
40.9%

You're not logged in!

Compare scores with friends on all Sporcle quizzes.
Sign Up with Email
OR
Log In

You Might Also Like...

Show Comments

Extras

Top Quizzes Today


Score Distribution

Your Account Isn't Verified!

In order to create a playlist on Sporcle, you need to verify the email address you used during registration. Go to your Sporcle Settings to finish the process.